00474 2200181 4500001002100000005001500021008004100036020001800077035001900095041000700114082001000121090001600131100001900147245005500166260004000221300001400261650001700275INLIS00000000002272620241224131338241224||||||||| | ||| |||| || |  a602-99887-4-3 0010-1224022726 aid0 a632.9 a632.9 REN c0 aRENY RAHMAWATI00aCepat dan Tepat Berantas Hama dan Penyakit Tanaman aYogyakartabPustaka Bau Pressc2012 a216 Hal;; 0aIlmu Terapan